| 000 | nam a22 a 4500 | ||
|---|---|---|---|
| 999 |
_c4577 _d4577 |
||
| 003 | AKMAL | ||
| 005 | 20170601101817.0 | ||
| 008 | 17 s2004 my | e | 000 0 eng d | ||
| 020 | _a967891543X (pbk.) | ||
| 040 | _cAKMAL | ||
| 082 | 0 | 4 |
_a343.59504 SER _222 |
| 090 | 0 | 0 |
_a343.59504 _bSER |
| 110 | 1 |
_aMalaysia _9400 |
|
| 240 | 1 | 0 |
_aAkta Cukai Perkhidmatan,1975 (Akta 151). _lEnglish |
| 245 | 1 | 0 |
_aServices Tax Act 1975 (Act 151) & Regulations and Order : _b(As At 25th September 2004) / _ccompiled by Legal Research Board |
| 260 |
_aPetaling Jaya : _bInternational Law Book Services, _c2004 |
||
| 300 |
_a87p. ; _c24cm. |
||
| 440 | 0 |
_aLaws of Malaysia _91830 |
|
| 650 | 1 | 0 |
_aTaxation _xLaw and legislation _zMalaysia _9204 |
| 650 | 2 | 0 |
_aService industries _xTaxation _zMalaysia _98812 |
| 710 | 2 |
_aLembaga Penyelidikan Undang-Undang _98818 |
|
| 942 |
_2ddc _cBOOK |
||